[Event "Sarajevo Galijatovic Memorial 8th"]
[Site "Sarajevo"]
[Date "2022.03.12"]
[Round "2"]
[White "Hadzovic, Amir"]
[Black "Selimovic, Amir"]
[Result "1-0"]
[WhiteElo "2290"]
[BlackElo "1943"]
[PlyCount "59"]
[EventDate "2022.03.12"]
[EventType "tourn"]
[EventRounds "9"]
[EventCountry "BIH"]
[SourceTitle "CBM 207 Extra"]
[Source "ChessBase"]
[SourceDate "2022.05.31"]
[SourceVersion "1"]
[SourceVersionDate "2022.05.31"]
[SourceQuality "1"]

1. e4 e6 2. d3 d5 3. Nd2 c5 4. Ngf3 Nc6 5. g3 g6 6. Bg2 Bg7 7. 0-0 Nf6 8. exd5 exd5 9. Re1+ Ne7 10. Nb3 b6 11. Qe2 h6 12. d4 c4 13. Nbd2 Be6 14. Ne5 Rc8 15. b3 0-0 16. bxc4 dxc4 17. Ba3 Re8 18. Bxe7 Qxe7 19. c3 Qa3 20. Bc6 Red8 21. Qf3 Nd5 22. Rac1 Qa6 23. a4 Bxe5 24. Bb5 Qb7 25. Rxe5 a6 26. Bxc4 b5 27. axb5 axb5 28. Bb3 Rd7 29. Ne4 Nxc3 30. Rxc3 1-0

[Event "Titled Tuesday intern op 22nd Feb Late"]
[Site "Chess.com INT"]
[Date "2022.02.22"]
[Round "4"]
[White "Hadzovic, Amir"]
[Black "Quirke, Jeffrey"]
[Result "1-0"]
[WhiteElo "2290"]
[BlackElo "2086"]
[PlyCount "83"]
[EventDate "2022.02.22"]
[EventType "swiss (blitz)"]
[EventRounds "11"]
[EventCountry "USA"]
[SourceTitle "CBM 207 Extra"]
[Source "ChessBase"]
[SourceDate "2022.05.31"]
[SourceVersion "1"]
[SourceVersionDate "2022.05.31"]
[SourceQuality "1"]

1. e4 c5 2. Nc3 a6 3. f4 b5 4. Nf3 Bb7 5. d3 e6 6. Be2 d5 7. 0-0 b4 8. Na4 dxe4 9. dxe4 Bxe4 10. Qxd8+ Kxd8 11. c3 Nf6 12. Be3 Nbd7 13. Ne5 Ke8 14. Rfd1 Nd5 15. Nxd7 Nxe3 16. Ndb6 Nxd1 17. Nxa8 Ne3 18. Bxa6 Nxg2 19. N8b6 Nxf4 20. Rd1 Be7 21. Bb5+ Kf8 22. Nd7+ Kg8 23. Ndxc5 Bf5 24. Rd7 Bf6 25. cxb4 h5 26. Bc6 g5 27. b5 g4 28. b6 h4 29. b7 Kg7 30. Nb6 g3 31. Be4 Bxe4 32. Nxe4 h3 33. Nxg3 Rb8 34. a4 Nd5 35. Nxd5 exd5 36. Nf5+ Kg6 37. Nd6 Bd4+ 38. Kf1 Rg8 39. Nc8 Kh6 40. b8Q Rg1+ 41. Ke2 Rg2+ 42. Kd3 1-0

[Event "Sarajevo Agentlocator Cup op 2nd"]
[Site "Sarajevo"]
[Date "2021.12.26"]
[Round "9"]
[White "Hadzovic, Amir"]
[Black "Kurtcehajic, Suad"]
[Result "1-0"]
[WhiteElo "2284"]
[BlackElo "1978"]
[PlyCount "85"]
[EventDate "2021.12.23"]
[EventType "tourn"]
[EventRounds "9"]
[EventCountry "BIH"]
[SourceTitle "CBM 206 Extra"]
[Source "ChessBase"]
[SourceDate "2022.03.31"]
[SourceVersion "1"]
[SourceVersionDate "2022.03.31"]
[SourceQuality "1"]

1. e4 c6 2. d3 d5 3. Nf3 dxe4 4. dxe4 Qxd1+ 5. Kxd1 Bg4 6. Be3 Nd7 7. Nbd2 e6 8. Nb3 0-0-0 9. Ke1 Ngf6 10. Nfd2 e5 11. Bc4 Bh5 12. f3 Nb6 13. a4 Bb4 14. Be2 Kc7 15. c3 Bd6 16. a5 Nc8 17. Nc4 Rhe8 18. h4 Bg6 19. Nbd2 h5 20. b4 Kb8 21. Kf2 Bc7 22. Rhb1 Nd6 23. Nxd6 Bxd6 24. b5 c5 25. Nc4 Bf8 26. Bg5 Rd7 27. Rd1 Rxd1 28. Rxd1 Kc8 29. Bxf6 gxf6 30. Ne3 Rd8 31. Rxd8+ Kxd8 32. Bc4 Bh6 33. b6 axb6 34. axb6 Kd7 35. Bd5 Kc8 36. g4 hxg4 37. fxg4 Bf4 38. Kf3 Bh7 39. Nc4 Bg8 40. Nd6+ Kb8 41. Nxb7 c4 42. Nc5 Bd2 43. b7 1-0

[Event "Sarajevo Agentlocator Cup op 2nd"]
[Site "Sarajevo"]
[Date "2021.12.26"]
[Round "6"]
[White "Trkulja, Goran"]
[Black "Hadzovic, Amir"]
[Result "0-1"]
[WhiteElo "2311"]
[BlackElo "2284"]
[PlyCount "48"]
[EventDate "2021.12.23"]
[EventType "tourn"]
[EventRounds "9"]
[EventCountry "BIH"]
[SourceTitle "CBM 206 Extra"]
[Source "ChessBase"]
[SourceDate "2022.03.31"]
[SourceVersion "1"]
[SourceVersionDate "2022.03.31"]
[SourceQuality "1"]

1. d4 Nf6 2. Bf4 g6 3. Nc3 d5 4. e3 Bg7 5. f3 0-0 6. Qd2 c5 7. 0-0-0 Nc6 8. g4 a6 9. dxc5 e5 10. Bg5 d4 11. exd4 exd4 12. Qf4 Nd5 13. Nxd5 Qxd5 14. c4 Qxc5 15. Bf6 Be6 16. Bxg7 Kxg7 17. Kb1 b5 18. Ne2 Rfd8 19. Ng3 bxc4 20. h4 c3 21. Rh2 Nb4 22. bxc3 dxc3 23. Rc1 Rab8 24. Ka1 c2 0-1

[Event "Sarajevo Agentlocator Cup op 2nd"]
[Site "Sarajevo"]
[Date "2021.12.25"]
[Round "3"]
[White "Hadzovic, Amir"]
[Black "Vukic, Milan"]
[Result "0-1"]
[WhiteElo "2284"]
[BlackElo "2392"]
[PlyCount "92"]
[EventDate "2021.12.23"]
[EventType "tourn"]
[EventRounds "9"]
[EventCountry "BIH"]
[SourceTitle "CBM 206 Extra"]
[Source "ChessBase"]
[SourceDate "2022.03.31"]
[SourceVersion "1"]
[SourceVersionDate "2022.03.31"]
[SourceQuality "1"]

1. e4 c5 2. Nc3 Nc6 3. Bc4 e6 4. d3 Nf6 5. Bb3 d6 6. Nge2 Be7 7. 0-0 0-0 8. f4 Na5 9. Qe1 b6 10. Ng3 Bb7 11. f5 Nxb3 12. axb3 e5 13. Bd2 a6 14. Qe2 b5 15. Nh5 Re8 16. Nxf6+ Bxf6 17. Qh5 b4 18. Ne2 d5 19. exd5 Qxd5 20. Rf2 e4 21. Bg5 Bxg5 22. Qxg5 f6 23. Qg3 exd3 24. Nf4 Qxf5 25. Nxd3 Qd5 26. Raf1 Kh8 27. Nf4 Qe5 28. Qh4 Be4 29. Nh5 Qd4 30. Qg3 Bg6 31. Nf4 Bxc2 32. h4 Be4 33. h5 Re5 34. Qh4 h6 35. Kh1 Rg5 36. Qh3 Re8 37. Ne6 Rxg2 38. Rxg2 Bxg2+ 39. Kxg2 Qe4+ 40. Qf3 Rxe6 41. Qxe4 Rxe4 42. Ra1 Re5 43. Rxa6 Rxh5 44. Kg3 Kh7 45. Rc6 Rd5 46. Kf4 h5 0-1